000
00490nam a2200145Ia 4500
008
100204s9999 xx 000 0 und d
082
_b
1037
100
_a
भागवत यशवंत
245
_a
मुक्काम पे्रमनगर
260
_b
"प्रपंच पंकाशन , पुणे"
_c
1977
300
_a
96
630
_a
मुक्काम पे्रमनगर
730
_a
मुक्काम पे्रमनगर
942
_c
BOOK
999
_c
446229
_d
446226